• 首页
  • 本馆介绍
  • 公告通知
  • 最新文献
  • 馆藏检索
  • 电子资源
  • 读者导购
  • 参考咨询
  • 我的图书馆
  • 登录
  • 详细信息显示
  • 放入我的书架
  • 预约/预借图书
  • 作者相关作品
  • 分类相关作品
  • 丛书相关作品
  • 出版社相关作品

书目信息

  • 表格格式
  • 工作单格式
  • 卡片格式
题名:
明代庚戍之变和隆庆和议
    
 
作者: 戴鸿义 著
分册:  
出版信息: 北京   中华书局  1982
页数: 40页
开本: 19cm
丛书名: 中国历史小丛书
单 册:
中图分类: K248.2
科图分类:
主题词: 庚戍之变 , 明代历史事件--1436~1572
电子资源:
ISBN:
000 00722nam2 2200265 45
001 0182007950
005 20060928081936.87
010    @dCNY0.12
091    @a1018.1064
100    @a19950623d1982 em y0chiy0121 ea
101 0  @achi
102    @aCN@b110000
105    @af z 000yy
200 10 @a明代庚戍之变和隆庆和议@Aming dai geng shu zhi bian he long qing he yi@f戴鸿义著
210    @a北京@c中华书局@d1982
215    @a40页@c插图@d19cm
225 2  @a中国历史小丛书
410  0 @120010@a中国历史小丛书
606    @a庚戍之变
606    @a明代历史事件@z1436~1572
690    @aK248.2@v3
701  0 @a戴鸿义@Adai hong yi@4著
801  2 @aCN@bNLC@c20060928
801  0 @aCN@bTSSF@c20060725
905    @dK248.2@e64
    
    明代庚戍之变和隆庆和议/戴鸿义著.-北京:中华书局,1982
    40页:插图;19cm.-(中国历史小丛书)
    
    
    ISBN :CNY0.12
    
●
相关链接 在E读中查询图书 在五车中查询图书 在当当中查询图书 在豆瓣中查询图书


正题名:明代庚戍之变和隆庆和议     索取号:K248.2/64         预约/预借

序号 登录号 条形码 馆藏地/架位号 状态 备注
1 0422250   204222509   密集书库/ [索取号:K248.2/64] 在馆    
2 0435202   204352020   密集书库/ [索取号:K248.2/64] 在馆    
3 0435203   204352039   密集书库/ [索取号:K248.2/64] 在馆    
4 0435204   204352048   密集书库/ [索取号:K248.2/64] 在馆    
5 0435205   204352057   密集书库/ [索取号:K248.2/64] 在馆    
6 0435206   204352066   密集书库/ [索取号:K248.2/64] 在馆    
7 0436065   204360654   密集书库/ [索取号:K248.2/64] 在馆    
8 0436066   204360663   密集书库/ [索取号:K248.2/64] 在馆    
唐山师范学院图书馆 欢迎您!
大连网信软件有限公司© 版权所有